=LDR 00000nam 2200000 4500 =001 INLIS000000000809808 =008 ###################################ind## =035 ##$$a 0010-0825000301 =245 ##$$a Menjahit Itu Mengasyikkan / $c Marta Yuliani =260 ##$$b Caraska Darma Aksara =020 ##$$a 9789791457163 =084 ##$$a 745.5 ANI m =520 ##$$a Pekerjaan  jahitan  dan pekerjaan tangan =082 ##$$a 745.5